| 000 | 00510nam a2200169 a 4500 | ||
|---|---|---|---|
| 005 | 20230602063625.0 | ||
| 008 | 991125 1942 mx 000 0 spa u | ||
| 035 | _aUPN01000027785 | ||
| 049 | _aCG | ||
| 050 | 4 |
_aF1341 _bM4.3 |
|
| 100 | 1 | _aMena Castillo, José | |
| 245 | 1 | 0 |
_aHistoria compendiada del estado de Sinaloa / _cJosé Mena Castillo. |
| 260 |
_aMéxico : _b[s. n.] _c1942-43 (Talleres Linotipográficos Numancia) |
||
| 300 |
_a2 v. : _bil. |
||
| 651 | 2 |
_aSinaloa _xHistoria _923666 |
|
| 905 | _aLibro | ||
| 999 |
_c27785 _d27785 |
||